000 00535nam a2200229Ia 4500
003 OSt
005 20220912144327.0
006 a|||||r|||| 00| 0
007 ta
008 220909b |||||||| |||| 00| 0 eng d
020 _aSL01095010
024 _a196467
037 _cTextual
040 _aCSL
_beng
_cCSL
041 _aeng
082 _aI6, L6;N9.5
100 _avasishta
245 0 _abotany for degree students
700 _avasishta
942 _hI6, L6;N9.5
_cTEXL
_2CC
999 _c5016
_d5016